Možnosti využitia informačných technológií v marketingu diplomová práca

Saved in:
Bibliographic Details
Main Author: Bobula, Ľudovít
Corporate Author: Obchodná fakulta EU. Katedra informatiky obchodných firiem
Other Authors: Potisková, Ingrid
Format: Book
Language:Slovak
Published: Bratislava 2019
Tags: Add Tag
No Tags, Be the first to tag this record!

MARC

LEADER 00000nbm a2200000 4500
001 0254050
005 20191023135048.6
041 0 |a slo 
044 |a SK 
245 1 0 |a Možnosti využitia informačných technológií v marketingu  |b diplomová práca  |c Ľudovít Bobula ; školiteľ: Ingrid Potisková 
264 1 |a Bratislava  |c 2019 
300 |a 67 s. 
100 1 |a Bobula, Ľudovít 
700 1 |a Potisková, Ingrid 
710 2 |a Obchodná fakulta EU. Katedra informatiky obchodných firiem